000 00438nam a22001697a 4500
003 OSt
005 20260317005109.0
008 260317b |||||||| |||| 00| 0 eng d
020 _a0-671-73973-5.
040 _aDWCL Main lib
_cOC
082 _aFic. D491v 1983
245 _aVelvet angel
_cJude Deveraux
260 _aNew York :
_bPocket Books,
_cc1983.
300 _a296 p. ;
_c17 cm.
650 _aFiction.
942 _2ddc
_cFIC.
_kFic.
_n0
999 _c9182
_d9182